00841pam a2200229 a 45000010009000000050017000090080041000260100017000670200018000840200015001020400008001170500027001251000022001522450054001742500017002282600045002453000027002905000081003176500016003988560106004148560091005201389504820220302093433.0050310s2004 nyu 000 0 eng  a 2005272191 a9780312336639 a0312336632 aDLC00aSPE BP605.R34M432 20040 aOsho,d1931-1990.10aMeditation :bthe first and last freedom /cOsho. a1st rev. ed. aNew York :bSt. Martin's Griffin,c2004. axiii, 304 p. ;c19 cm. a"Originally published in Germany by the Rebel Publishing House"--T.p. verso. 0aMeditation.423Contributor biographical informationuhttp://www.loc.gov/catdir/enhancements/fy0626/2005272191-b.html423Publisher descriptionuhttp://www.loc.gov/catdir/enhancements/fy0626/2005272191-d.html